Skeletal trauma Fractures, Dislocations, Ligamentous Injuries vol.1/ (Record no. 118332)

MARC details
000 -LEADER
fixed length control field 00918nam a2200301 a 4500
008 - FIXED-LENGTH DATA ELEMENTS--GENERAL INFORMATION
fixed length control field
020 ## - INTERNATIONAL STANDARD BOOK NUMBER
International Standard Book Number 0721627269 (hbk.)
049 ## - LOCAL HOLDINGS (OCLC)
Holding library MAIN
090 ## - LOCALLY ASSIGNED LC-TYPE CALL NUMBER (OCLC); LOCAL CALL NUMBER (RLIN)
Classification number (OCLC) (R) ; Classification number, CALL (RLIN) (NR) RD731
Local cutter number (OCLC) ; Book number/undivided call number, CALL (RLIN) SKE.
003 - CONTROL NUMBER IDENTIFIER
control field
005 - DATE AND TIME OF LATEST TRANSACTION
control field 20230120204151.0
040 ## - CATALOGING SOURCE
Transcribing agency NUST
245 10 - TITLE STATEMENT
Title Skeletal trauma Fractures, Dislocations, Ligamentous Injuries vol.1/
Statement of responsibility, etc. Bruce D Browner...[et al]
260 ## - PUBLICATION, DISTRIBUTION, ETC.
Place of publication, distribution, etc. Philadelphia :
Name of publisher, distributor, etc. W.B Saunders ,
Date of publication, distribution, etc. 1992.
300 ## - PHYSICAL DESCRIPTION
Extent xxiv, 922 p. :
Other physical details ill. ;
Dimensions 29 cm.
500 ## - GENERAL NOTE
General note Includes index.
650 #1 - SUBJECT ADDED ENTRY--TOPICAL TERM
Topical term or geographic name entry element Musculoskeletal system
General subdivision Wounds and Injuries.
650 ## - SUBJECT ADDED ENTRY--TOPICAL TERM
Topical term or geographic name entry element Fractures.
650 ## - SUBJECT ADDED ENTRY--TOPICAL TERM
Topical term or geographic name entry element Bone and Bones
General subdivision Injuries.
650 ## - SUBJECT ADDED ENTRY--TOPICAL TERM
Topical term or geographic name entry element Dislocations.
650 ## - SUBJECT ADDED ENTRY--TOPICAL TERM
Topical term or geographic name entry element Ligaments
General subdivision Injuries.
700 ## - ADDED ENTRY--PERSONAL NAME
Personal name Browner, Bruce D.
700 ## - ADDED ENTRY--PERSONAL NAME
Personal name Jupiter, Jesse B.
700 ## - ADDED ENTRY--PERSONAL NAME
Personal name Levine, Alan M.
700 ## - ADDED ENTRY--PERSONAL NAME
Personal name Trafton, Peter G.
907 ## - LOCAL DATA ELEMENT G, LDG (RLIN)
a .b10356332
b 24-04-15
c 31-03-15
942 ## - ADDED ENTRY ELEMENTS (KOHA)
Koha item type Ordinary Loan Books
Call number prefix RD731
Call number suffix SKE.
Holdings
Date last seen Total Checkouts Full call number Barcode Cost, replacement price Price effective from Koha item type Lost status Source of classification or shelving scheme Damaged status Not for loan Collection Withdrawn status Home library Current library Shelving location Date acquired Cost, normal purchase price
01/20/2023   RD731 SKE 92004036675 80.00 01/20/2023 BOOKS   LCC     NFIC   MEDICAL MEDICAL GEN 01/20/2023 80.00